000 00309nam a2200133Ia 4500
008 211105s9999||||xx |||||||||||||| ||und||
082 _aRD923.7 H831B 1996
084 _b09-00470
100 _aBosch, Juan, 1909-2001
245 0 _aMujeres en la vida de Hostos
260 _c1996
300 _a0
999 _c16593
_d16593